Art treasures of the Sao Paulo museum: and the development of art in Brazil

I tiakina i:
Ngā taipitopito rārangi puna kōrero
Kaituhi matua: Bardi, Pietro Maria (Author)
Hōputu: Pukapuka
Reo:Ingarihi
I whakaputaina: Nueva York Harry N. Abrams 1956
Ngā marau:
Ngā Tūtohu: Tāpirihia he Tūtohu
Kāore He Tūtohu, Me noho koe te mea tuatahi ki te tūtohu i tēnei pūkete!

MARC

LEADER 00000nam a2200000 a 4500
001 UCY0735
003 CL-VaPUC
008 940811e19560000US |||||||||||||||||eng|d
082 0 4 |a 708.98161  |b BAR  |2 21 
100 |a Bardi, Pietro Maria  |e author  |9 347489 
245 1 0 |a Art treasures of the Sao Paulo museum: and the development of art in Brazil 
300 |a 296 p 
942 |c BK 
945 |d 19940811 00:00:00  |a oaravena 
260 |a Nueva York  |b Harry N. Abrams  |c 1956 
650 7 |a PINTURA HISTORIA  |2 CL-VaPUC  |9 265594 
650 0 |a Museos  |9 269209 
651 0 |a Brasil  |9 267393 
583 |a last modification  |c 19940811 00:00:00  |k Rodrigo Vera 
999 |c 229661  |d 229659 
952 |0 0  |1 0  |4 0  |6 708_981610000000000_BAR_1956  |7 0  |8 A  |9 231075  |a BIBARQ  |b BIBARQ  |d 2019-11-15  |i 300189K  |o 708.98161 BAR 1956  |p 300189K  |r 2025-01-20  |w 2019-11-15  |y BK  |k ARQ